[Event "FICGS W-ch st2 g01 email"]
[Site "FICGS email"]
[Date "2010.07.06"]
[Round "1"]
[White "Kragujevcanin, Stole"]
[Black "Kruse, Herbert"]
[Result "0-1"]
[WhiteElo "2017"]
[BlackElo "2374"]
[PlyCount "146"]
[EventDate "2010.??.??"]
[EventType "tourn (corr)"]
[EventRounds "6"]
[SourceTitle "Corr 2013"]
[Source "ChessBase"]
[SourceDate "2012.11.12"]
[SourceVersion "1"]
[SourceVersionDate "2012.11.12"]
[SourceQuality "1"]

1. e4 c5 2. Nf3 d6 3. d4 cxd4 4. Nxd4 Nf6 5. Nc3 a6 6. Bg5 e6 7. f4 Qb6 8. Qd2 Qxb2 9. Rb1 Qa3 10. e5 h6 11. Bh4 dxe5 12. fxe5 Nfd7 13. Ne4 Qxa2 14. Rd1 Qd5 15. Qe3 Qxe5 16. Be2 Bc5 17. Bg3 Qd5 18. c4 Bxd4 19. Rxd4 Qa5+ 20. Rd2 0-0 21. Bd6 Nc6 22. 0-0 Rd8 23. Qg3 f5 24. Bc7 Qb4 25. Qg6 Qe7 26. Bxd8 Nxd8 27. Nd6 Ne5 28. Qg3 Ndf7 29. c5 Nxd6 30. cxd6 Qf6 31. Rdd1 Bd7 32. Bf3 Nxf3+ 33. Qxf3 Bc6 34. Qb3 Qe5 35. d7 Rd8 36. Qb6 Qf6 37. Rd6 Qg5 38. Rf2 Rxd7 39. Rxd7 Bxd7 40. Qxb7 Qc1+ 41. Rf1 Qc5+ 42. Kh1 Bb5 43. Re1 Kh7 44. Qf3 Bc6 45. Qe3 Qd5 46. Re2 Qd1+ 47. Re1 Qg4 48. Qg3 Qd4 49. h4 Be4 50. Kh2 a5 51. h5 Qf6 52. Ra1 Qf7 53. Rxa5 Qxh5+ 54. Qh3 Qxh3+ 55. Kxh3 g5 56. Ra6 f4 57. Kh2 Bf5 58. g3 fxg3+ 59. Kxg3 h5 60. Kf3 h4 61. Ra5 Kg7 62. Ra7+ Kf6 63. Ra6 g4+ 64. Kf4 g3 65. Kf3 Bc2 66. Rd6 Kf5 67. Rd4 Kg5 68. Rg4+ Kh5 69. Rb4 Bd1+ 70. Kg2 Bg4 71. Rb5+ Kg6 72. Re5 Kf6 73. Re1 Bf5 0-1

[Event "FICGS W-ch st2 g01 email"]
[Site "FICGS email"]
[Date "2009.11.03"]
[Round "1"]
[White "Kuhne, Detlev"]
[Black "Kragujevcanin, Stole"]
[Result "0-1"]
[WhiteElo "2202"]
[BlackElo "1956"]
[PlyCount "80"]
[EventDate "2009.??.??"]
[EventType "tourn (corr)"]
[EventRounds "8"]
[SourceTitle "Corr 2022"]
[Source "ChessBase"]
[SourceDate "2021.10.24"]
[SourceVersion "1"]
[SourceVersionDate "2021.10.24"]
[SourceQuality "1"]

1. e4 g6 2. d4 Bg7 3. Nc3 c5 4. Nf3 cxd4 5. Nxd4 Nc6 6. Be3 Nf6 7. f3 0-0 8. Qd2 d5 9. 0-0-0 dxe4 10. Nxc6 Qxd2+ 11. Rxd2 bxc6 12. Nxe4 Nd5 13. Bc5 Bh6 14. c4 Bf5 15. cxd5 cxd5 16. Nc3 Rfc8 17. b4 a5 18. Nxd5 Bxd2+ 19. Kxd2 Rd8 20. Bc4 Be6 21. Bb6 Rd6 22. Bc5 Rd7 23. Rd1 Bxd5 24. Ke3 Rad8 25. Bb5 Bc6 26. Rxd7 Bxd7 27. Bxd7 Rxd7 28. bxa5 Rd5 29. Bb4 Kf8 30. a6 Rd8 31. a7 Ke8 32. Kf4 f6 33. Ke4 Kd7 34. Kd5 Ra8 35. Bc5 e6+ 36. Kc4 Kc6 37. Bd4 e5 38. Bc5 Kb7 39. Kd3 Rd8+ 40. Ke3 Rd5 0-1

[Event "FICGS rapid B 000111 email"]
[Site "FICGS email"]
[Date "2008.12.13"]
[Round "1"]
[White "Larcher, Gonzague"]
[Black "Kragujevcanin, Stole"]
[Result "0-1"]
[WhiteElo "1800"]
[BlackElo "1843"]
[PlyCount "20"]
[EventDate "2008.??.??"]
[EventType "tourn (rapid)"]
[EventRounds "6"]
[SourceTitle "Corr 2022"]
[Source "ChessBase"]
[SourceDate "2021.10.24"]
[SourceVersion "1"]
[SourceVersionDate "2021.10.24"]
[SourceQuality "1"]

1. e4 c5 2. Nf3 d6 3. d4 cxd4 4. Qxd4 Nc6 5. Bb5 Bd7 6. Bxc6 Bxc6 7. Nc3 Nf6 8. Bg5 e6 9. 0-0-0 Be7 10. Qd3 Qa5 0-1

[Event "FICGS W-ch st1 g06 email"]
[Site "FICGS email"]
[Date "2007.07.11"]
[Round "1"]
[White "Burden, Don"]
[Black "Kragujevcanin, Stole"]
[Result "1/2-1/2"]
[WhiteElo "1998"]
[BlackElo "1600"]
[PlyCount "60"]
[EventDate "2007.??.??"]
[EventType "tourn (corr)"]
[EventRounds "8"]
[SourceTitle "Corr 2022"]
[Source "ChessBase"]
[SourceDate "2021.10.24"]
[SourceVersion "1"]
[SourceVersionDate "2021.10.24"]
[SourceQuality "1"]

1. e4 c5 2. Nf3 d6 3. d4 cxd4 4. Nxd4 Nf6 5. Nc3 a6 6. Bc4 e6 7. Bb3 Nbd7 8. f4 Nc5 9. f5 Be7 10. Qf3 0-0 11. Be3 e5 12. Nde2 Nxb3 13. axb3 b5 14. 0-0 Qc7 15. g4 Bb7 16. g5 Nxe4 17. Nxe4 d5 18. f6 dxe4 19. Qf2 Bd8 20. Rad1 g6 21. Nc3 Qc8 22. Qh4 Kh8 23. b4 Qc6 24. Qh6 Rg8 25. Qh3 Bb6 26. Nd5 Bxe3+ 27. Nxe3 Qb6 28. Kf2 Rac8 29. c3 Rcd8 30. Rxd8 Rxd8 1/2-1/2

[Event "FICGS W-ch st1 g06 email"]
[Site "FICGS email"]
[Date "2007.07.11"]
[Round "1"]
[White "Kragujevcanin, Stole"]
[Black "Willoughby, Peter"]
[Result "1-0"]
[WhiteElo "1600"]
[BlackElo "1280"]
[PlyCount "39"]
[EventDate "2007.??.??"]
[EventType "tourn (corr)"]
[EventRounds "8"]
[SourceTitle "Corr 2022"]
[Source "ChessBase"]
[SourceDate "2021.10.24"]
[SourceVersion "1"]
[SourceVersionDate "2021.10.24"]
[SourceQuality "1"]

1. e4 e6 2. d4 d5 3. Nc3 Nf6 4. Bg5 Be7 5. e5 Nfd7 6. h4 Bxg5 7. hxg5 Qxg5 8. Nh3 Qh6 9. g3 g6 10. Nb5 Na6 11. f4 Nb6 12. Qf3 Qg7 13. 0-0-0 Bd7 14. Kb1 0-0 15. Nf2 Nc4 16. Ng4 Bxb5 17. Nf6+ Kh8 18. Bxc4 Bxc4 19. Rxh7+ Qxh7 20. Rh1 1-0